000 00447nam a2200133Ia 4500
008 100328s9999 xx 000 0 und d
082 _b7939
100 _aयशवन्त
245 _aमहाराष्ट्र कवि परंपरा
260 _bएन. के.
630 _aमहाराष्ट्र कवि परंपरा
730 _aमहाराष्ट्र कवि परंपरा
942 _cBOOK
999 _c503740
_d503737